000 01705nam a2200349 a 4500
001 ebr10386888
003 CaPaEBR
006 m u
007 cr cn|||||||||
008 070730s2008 enk sb 001 0 eng
010 _z 2007031400
020 _z9781845533724 (hb)
020 _z9781845533731 (pb)
040 _aCaPaEBR
_cCaPaEBR
035 _a(OCoLC)649555213
050 1 4 _aBL60
_b.M275 2008eb
082 0 4 _a306.6/3
_222
100 1 _aMack, Burton L.
245 1 0 _aMyth and the Christian nation
_h[electronic resource] :
_ba social theory of religion /
_cBurton L. Mack.
260 _aLondon ;
_aOakville, CT :
_bEquinox Pub. Ltd.,
_c2008.
300 _axii, 292 p.
490 0 _aReligion in culture: studies in social contest and construction
504 _aIncludes bibliographical references (p. [276]-283) and index.
505 0 _aThe religions of other peoples. Looking for religion in the new world ; Noticing the social interests in myths and rituals ; Watching myths in the making ; Thinking with myths about culture ; The religion of Christianity. Early Christian mythmaking ; The social formation of christendom ; The state of the Christian nation ; Religions in a polycultural world.
533 _aElectronic reproduction.
_bPalo Alto, Calif. :
_cebrary,
_d2013.
_nAvailable via World Wide Web.
_nAccess may be limited to ebrary affiliated libraries.
650 0 _aReligion and sociology.
650 0 _aReligion
_xSocial aspects.
650 0 _aChristianity.
655 7 _aElectronic books.
_2local
710 2 _aebrary, Inc.
856 4 0 _uhttp://site.ebrary.com/lib/rucke/Doc?id=10386888
_zAn electronic book accessible through the World Wide Web; click to view
999 _c205436
_d205436